000 00606nam a2200241Ia 4500
003 OSt
005 20221005131920.0
006 a|||||r|||| 00| 0
007 ta
008 221004b |||||||| |||| 00| 0 tam d
024 _a48051
037 _cTextual
040 _aCRL
_cCRL
_btam
041 _2tam
_atam
082 _aO31v.I, K9.1
100 _aArunachalam Au.
_9191606
245 0 _aTamil ilakkiya varalaru
260 _c1969
300 _a454p.
_ccm.
650 _aTAMIL LITERATURE
942 _hO31v.I, K9.1
_cTEXL
_2cc
999 _c1061822
_d1061822